The first new Nation : (Record no. 1331)

MARC details
000 -LEADER
fixed length control field 00607nam a2200181 4500
001 - CONTROL NUMBER
control field 1756
005 - DATE AND TIME OF LATEST TRANSACTION
control field 20181127163934.0
008 - FIXED-LENGTH DATA ELEMENTS--GENERAL INFORMATION
fixed length control field 921202s19671963nyu b 00110 eng d
010 ## - LIBRARY OF CONGRESS CONTROL NUMBER
LC control number 63017345
100 1# - MAIN ENTRY--PERSONAL NAME
Personal name Lipset, Seymour Martin.
245 14 - TITLE STATEMENT
Title The first new Nation :
Remainder of title the United States in historical and comparative perspective /
Statement of responsibility, etc. Seymour Martin Lipset.
260 0# - PUBLICATION, DISTRIBUTION, ETC.
Place of publication, distribution, etc. New York :
Name of publisher, distributor, etc. Anchor Books,
Date of publication, distribution, etc. 1967.
300 ## - PHYSICAL DESCRIPTION
Extent 424 p.
504 ## - BIBLIOGRAPHY, ETC. NOTE
Bibliography, etc. note Includes bibliographical references.
650 #0 - SUBJECT ADDED ENTRY--TOPICAL TERM
Topical term or geographic name entry element Comparative government.
Topical term or geographic name entry element National characteristics, American.
651 #0 - SUBJECT ADDED ENTRY--GEOGRAPHIC NAME
Geographic name United States
General subdivision Civilization.
Holdings
Withdrawn status Lost status Source of classification or shelving scheme Damaged status Not for loan Collection code Home library Current library Shelving location Serial Enumeration / chronology Inventory number Total Checkouts Full call number Barcode Date last seen Price effective from Koha item type
    Dewey Decimal Classification     Main TEST RTC Library RTC Library Main opac 811   306.2 LIP 30005200 27/11/2018 27/11/2018 Main
Royal Thimphu College || All Right Reserved